La iglesia cómo sacramento original

Guardat en:
Dades bibliogràfiques
Autor principal: Semmelroth, Otto (Autor)
Format: Llibre
Idioma:espanyol
Publicat: San Sebastián Dinor 1966
Edició:2a. ed
Col·lecció:Colección Prisma
Matèries:
Etiquetes: Afegir etiqueta
Sense etiquetes, Sigues el primer a etiquetar aquest registre!

MARC

LEADER 00000nam a2200000 a 4500
001 UCR1814
003 CL-VaPUC
008 971219e19660000sp |||||||||||||||||spa|d
082 0 4 |a 260  |b SEM  |2 21 
100 0 |a Semmelroth, Otto  |e author  |9 399330 
245 1 3 |a La iglesia cómo sacramento original 
250 |a 2a. ed 
300 |a 300 p 
942 |c BK 
945 |d 19971219 00:00:00  |a jquezada 
260 |a San Sebastián  |b Dinor  |c 1966 
650 0 |a Teología social  |9 326726 
650 0 |a Sacramentos   |9 257270 
650 0 |a Antropomorfismo  |9 399331 
650 7 |a DOCTRINA RELIGIOSA  |2 CL-VaPUC  |9 333854 
650 0 |a Sacerdocio  |9 319738 
583 |a last modification  |c 20150504 03:57:42  |k Rodrigo Vera 
490 0 |a Colección Prisma 
999 |c 265177  |d 265175 
952 |0 0  |1 0  |4 0  |6 260_000000000000000_SEM_1966  |7 0  |8 A  |9 296002  |a BIBTEO  |b BIBTEO  |d 2019-11-20  |i 337338K  |o 260 SEM 1966  |p 337338K  |r 2025-01-17  |w 2019-11-20  |y BK  |k ICR